Monetární a fiskální politika - vliv na hrubý domácí produkt Empirická analýza

Dynamika peňažnej zásoby a požiadavky verejného sektora na úvery. Dynamika HDP, výdavkov štátneho rozpočtu a peňažnej zásoby. Príčinné vzťahy medzi HDP, rozpočtovými výdavkami a peniazmi (Grangerova kauzalita).

Enregistré dans:
Détails bibliographiques
Auteur principal: Izák, Vratislav
Format: Chapitre de livre
Langue:tchèque
Sujets:
Tags: Ajouter un tag
Pas de tags, Soyez le premier à ajouter un tag!

MARC

LEADER 00000naa a2200000 4500
001 r025575
005 20230922102451.1
041 0 |a cze 
044 |a CZ 
245 1 0 |a Monetární a fiskální politika - vliv na hrubý domácí produkt  |b Empirická analýza  |c Vratislav Izák 
520 |a Dynamika peňažnej zásoby a požiadavky verejného sektora na úvery. Dynamika HDP, výdavkov štátneho rozpočtu a peňažnej zásoby. Príčinné vzťahy medzi HDP, rozpočtovými výdavkami a peniazmi (Grangerova kauzalita). 
610 2 0 |a produkt domáci hrubý 
610 2 0 |a politika fiškálna 
610 2 0 |a politika peňažná 
610 2 0 |a politika rozpočtová 
610 2 0 |a zásoba peňažná 
610 2 0 |a agregáty menové 
610 2 0 |a úver 
610 2 0 |a modely makroekonomické 
610 2 0 |a sektor verejný 
100 1 |a Izák, Vratislav